00257nam a2200097 a 4500008004100000050001500041100002000056245003700076246003700113350000900150120416s9999 xx |||||||||||||| || u aTD 775 Mor aMorgan, Peter R10aVentilated improved pit latrines arecent developments in Zimbambwe a0.00